Los cantos de Maldoror
Guardat en:
| Autor principal: | |
|---|---|
| Format: | Llibre |
| Idioma: | espanyol |
| Publicat: |
Madrid
Catedra
1988
|
| Col·lecció: | Letras Universales, 89
|
| Matèries: | |
| Etiquetes: |
Afegir etiqueta
Sense etiquetes, Sigues el primer a etiquetar aquest registre!
|
MARC
| LEADER | 00000nam a2200000 a 4500 | ||
|---|---|---|---|
| 001 | UCX9266 | ||
| 003 | CL-VaPUC | ||
| 005 | 20231127150125.0 | ||
| 008 | 940524e19880000SP |||||||||||||||||spa|d | ||
| 999 | |c 228555 |d 228553 | ||
| 040 | |c Pontificia Universidad Católica de Valparaíso | ||
| 082 | 0 | 4 | |a 841 |b CON |2 21 |
| 100 | |a Lautréamont, Conde de |e author |9 860132 | ||
| 245 | 1 | 4 | |a Los cantos de Maldoror |
| 260 | |a Madrid |b Catedra |c 1988 | ||
| 300 | |a 327 p | ||
| 490 | 0 | |a Letras Universales, 89 | |
| 583 | |a last modification |c 19940524 00:00:00 |k Rodrigo Vera | ||
| 650 | |a Prosa francesa |v Crítica e interpretación |9 886229 | ||
| 852 | |a BIBCUR | ||
| 942 | |c BK |2 ddc | ||
| 945 | |d 19940524 00:00:00 |a oaravena | ||
| 952 | |0 0 |1 0 |4 0 |6 841_000000000000000_CON_1988 |7 0 |8 A |9 228753 |a FDOPOS |b FDOPOS |d 2019-11-15 |i 2970376 |o 841 CON 1988 |p 2970376 |r 2025-01-22 |w 2019-11-15 |y BK |k MLH | ||